Burl Ives Charting Songs (Billboard Hot 100) - Statistics

General Stats
  • This quiz has been taken 5 times
  • The average score is 3 of 9
Answer Stats
Album Weeks On Peak Song % Correct
Rudolph the Red-Nosed Reindeer 51 Weeks #4 A Holly Jolly Christmas
100%
The Versatile Burl Ives! 14 Weeks #9 A Little Bitty Tear
50%
Greatest Hits 9 Weeks #19 Call Me Mr. In-Between
25%
It's Just My Funny Way of Laughin' 11 Weeks #10 Funny Way of Laughin'
25%
A Little Bitty Tear: The Nashville Years 1961-1965 7 Weeks #39 Mary Ann Regrets
25%
Burl Ives Sings Pearly Shell and Other Favorites 6 Weeks #60 Pearly Shells (Popo O Ewa)
25%
A Little Bitty Tear: The Nashville Years 1961-1965 2 Weeks #91 The Same Old Hurt
25%
Singin' Easy 5 Weeks #67 This is All I Ask
25%
True Love 6 Weeks #66 True Love Goes On and On
25%
No matching quizzes found
Score Distribution
Percent of People with Each Score
Percentile by Number Answered
Your Score History
You have not taken this quiz